| 000 | 00775nam a2200253Ia 4500 | ||
|---|---|---|---|
| 003 | OSt | ||
| 005 | 20221005024731.0 | ||
| 006 | a|||||r|||| 00| 0 | ||
| 007 | ta | ||
| 008 | 221004b |||||||| |||| 00| 0 ara d | ||
| 020 |
_a9789772071265 (pbk) _c350 |
||
| 024 | _a118564 | ||
| 037 |
_b387, 23/03/2012, Nadwi Publications _cTextual |
||
| 040 |
_aCRL _cCRL _bara |
||
| 041 |
_2ara _aara |
||
| 082 | _aO28,2N11:g, Q2 | ||
| 100 |
_aAalim Mehmood Ameen Au. _9580994 |
||
| 245 | 0 | _aTalamat fi Aalam Najeeb Mehfooz | |
| 260 |
_aCairo _bAl - Hiyah Al misriyah _c2012 |
||
| 300 |
_a192p. _ccm. |
||
| 650 | _aARABIC DRAMA | ||
| 942 |
_hO28,2N11:g, Q2 _cTEXL _2cc |
||
| 999 |
_c933348 _d933348 |
||